00702 2200253 4500001002100000005001500021035002000036007000300056008004100059020001800100082000800118084001400126100002300140245005000163250001200213260003700225300003400262650001400296700003200310700003500342990002700377990002200404990002200426INLIS00000000000357820260529114021 a0010-0621000110ta260529 0  a979-666-117-9 a600 a600 LIP j0 aLippincot, Kristen1 aJendela Iptek: Astronomi /cKristen Lippincot aCet. 2. aJakarta :bBalai Pustaka,c2000. a64 hlm. :billus. ;c27,5 cm. 4aastronomi0 apenerjemah: Edline H. Eddin0 apenyuntin: Ari Anggari Harapan a4140/B/ARPUS/2008US/07 a1037/ARPUS/PDG/07 a1038/ARPUS/PDG/07